Súvaha poisťovne a jej opodstatnenie vo finančnej analýze komerčných poisťovní

Podrobná bibliografia
Hlavný autor: Pastoráková, Erika, 1972- (Autor)
Médium: Článok
Jazyk:slovenčina
Fyzický popis:Tab.
ISSN:1335-2024
Predmet:

MARC

LEADER 00000nab a2200000 ar4500
001 vtls008827822
003 SK-MaSNL
005 20260303071557.0
008 060630c2006 xo mr|p|||||||000 b|slo
015 |a SNBRB2006/06  |2 snkbucl 
038 |a SNKBUCL 
040 |a SNKBUCL  |b slo  |c SNKBUCL  |e AACR2 
041 0 |a slo 
044 |a xo  |c SK 
080 |a 368.032:657.4  |2 1997 
080 |a 657.4  |2 1997 
080 |a 658.14/.15  |2 1997 
100 1 |a Pastoráková, Erika,  |d 1972-  |4 aut  |9 216114 
245 1 0 |a Súvaha poisťovne a jej opodstatnenie vo finančnej analýze komerčných poisťovní  |c Erika Pastoráková 
300 |b Tab. 
546 |a Res. angl. 
650 0 7 |a komerčné poisťovne  |2 snkbucl  |9 75766 
650 0 7 |a finančná analýza  |2 snkbucl  |9 3482 
650 0 7 |a súvahy  |2 snkbucl  |9 106356 
773 0 |t Účtovníctvo. Audítorstvo. Daňovníctvo v teórii a praxi  |g Roč. XIV, č. 6 (2006), s. 254-258  |x 1335-2024 
852 |a SNK  |b KIS3GCP 
999 |c 1760610  |d 1762540